Szakszervezeti Közlöny. - 6.évf. (1945) 8. sz.

Elmentve itt :
Bibliográfiai részletek
Dokumentumtípus: Folyóirat
Megjelent: 1945
Sorozat:Szakszervezeti Közlöny 6 No. 8
Online Access:http://misc.bibl.u-szeged.hu/56490
LEADER 00477nas a2200133 i 4500
001 misc56490
005 20200602135441.0
008 200602s1945 hu o 0|| zxx d
040 |a SZTE Miscellanea Repozitórium  |b hun 
041 |a zxx 
245 0 0 |a Szakszervezeti Közlöny. - 6.évf. (1945) 8. sz.  |h [elektronikus dokumentum] 
260 |c 1945 
490 0 |a Szakszervezeti Közlöny  |v 6 No. 8 
856 4 0 |u http://misc.bibl.u-szeged.hu/56490/1/szakszervezeti_kozlony_1945_008.pdf  |z Dokumentum-elérés